|
|
|
|
| LEADER |
01263nam a2200385 a 4500 |
| 001 |
000000639 |
| 005 |
20151130152807.0 |
| 008 |
000404;1840 xo e ger |
| FMT |
|
|
|
| 040 |
|
|
|a SVKKK
|b slo
|c SVKKK
|e AACR2
|
| 041 |
0 |
|
|a ger
|
| 044 |
|
|
|a xo
|c SK
|
| 080 |
|
|
|a 232
|
| 080 |
|
|
|a 226.5
|
| 080 |
|
|
|a 226.2
|
| 130 |
4 |
|
|a Die Geschichte
|
| 245 |
0 |
4 |
|a Die Geschichte des Leidens :
|b und Todes Jesu Christi nach den Erzählungen der Evangelisten Matthäus und Johannes verbunden mit angemessenen Liederversen.
|
| 260 |
|
|
|a Leutschau :
|b gedruckt bei Johann Werthműller,
|c [ca. 1840]
|
| 300 |
|
|
|a 32 s. 1/8-2/8 [=16] list.
|c 8°. 18,5x11 cm
|
| 500 |
|
|
|a Linky ozdobné.
|
| 510 |
4 |
|
|a OSZK.
|
| 550 |
|
|
|a Rok vydania podľa OSZK
|
| 561 |
|
|
|a Peč.: Štátna vedecká knižnica v Košiciach; Muzeum Košice 145/28. Rkp.: Joh. Kretszko [...] 1842.
|
| 563 |
|
|
|a Lepenka, sivý papier.
|
| 653 |
2 |
|
|a kristológia
|
| 700 |
1 |
|
|a Kretszko, Joh.
|4 sgn
|
| 710 |
0 |
|
|a Východoslovenské múzeum
|c Košice
|4 sgn
|
| 710 |
0 |
|
|a Werthmüller, Ján
|c Levoča
|d 1815-1844
|4 prt
|
| 752 |
|
|
|a Slovensko
|d Levoča
|
| 852 |
|
|
|p GR 4436
|
| 904 |
|
|
|a a---y----aa------yyyb-0001--
|
| 905 |
|
|
|a fg-a0bb-
|5 -------
|
| 910 |
|
|
|a svkkk
|
| 998 |
|
|
|a MALETL
|
| BAS |
|
|
|